Lebensmittel - Statistiken

Allgemein
  • Dieses Quiz wurde 228 mal gespielt
  • Das Durchschnittsergebnis liegt bei 4 aus 12
Antwortstatistiken
Frage Antwort % Korrekt
Welches Lebensmittel ist am reichsten an Omega-Fettsäuren? (100g) Leinöl
57%
Die erste Pizza erfand Pizzaiolo Raffaele Esposito im Auftrag von König Umberto I. für seine Königin ...? Margherita
57%
Was ist KEINE Kaffeebohnensorte? Palista
57%
Von wessen Tier ist der Magen bei dem schottischen Haggis? Schaf
57%
In welchem Land sind 3 Monate alte Eier mit bereits grünem Dotter eine Spezialität? China
43%
Was bedeutet die Kennzeichnung "Diät" auf Lebensmitteln? Diabetiker können es bedenkenlos konsumieren.
29%
Welches Gewürz verwenden die Griechen NICHT? Kreuzkümmel
29%
Was ist KEINE Olivensorte? Silizia
29%
Wie viel Prozent der Lebensmittel, die in deutschen Supermärkten erhältlich sind, haben bereits mehr als 100 Kilometer Transportweg zurückgelegt? 96 %
14%
Den Döner hat der Deutsch-Türke Kadir Nurman in Deutschland erfunden. Woher stammt der Dürüm? Deutschland (Nurman)
0%
Das Curry ist in England entstanden, inspiriert vom typisch indischen Gericht „kari“. In welchem Land gibt es das Gewürz nicht? Indien
0%
Welches der folgenden Lebensmittel weist die schlechteste Klimabilanz auf? Käse
0%
Keine übereinstimmenden Quizze gefunden
Verteilung der Resultate
Anzahl Personen mit jedem Resultat
Perzentil nach korrekt beantworteten Fragen
Ihre Resultats-Entwicklung
Sie haben dieses Quiz noch nicht gespielt